| 000 | 01161cam a22003377a 4500 | ||
|---|---|---|---|
| 001 | 14790627 | ||
| 003 | USPCAS-E | ||
| 005 | 20180118181418.0 | ||
| 008 | 070330s2008 nyua b 001 0 eng d | ||
| 010 | _a 2007925961 | ||
| 020 | _a9781563675287 (pbk.) | ||
| 020 | _a1563675285 (pbk.) | ||
| 035 | _a(OCoLC)ocn148851403 | ||
| 040 |
_aBTCTA _cBTCTA _dYDXCP _dBAKER _dIBI _dBWX _dAU@ _dDLC |
||
| 042 | _alccopycat | ||
| 050 | 0 | 0 |
_aTK4175 _b.W56 2008 |
| 082 | 0 | 4 |
_a729.28 _222 _bWIN-F 2008 |
| 100 | 1 | _aWinchip, Susan M. | |
| 245 | 1 | 0 |
_aFundamentals of lighting / _cSusan M. Winchip. |
| 260 |
_aNew York : _bFairchild Publications, _cc2008. |
||
| 300 |
_axv, 320 p. : _bill. (some col.) ; _c24 cm. |
||
| 502 | _a. | ||
| 504 | _aIncludes bibliographical references (p. 283-308) and index. | ||
| 650 | 0 | _aLighting. | |
| 650 | 0 | _aElectric lighting. | |
| 650 | 0 | _aLighting, Architectural and decorative. | |
| 906 |
_a7 _bcbc _ccopycat _d3 _encip _f20 _gy-gencatlg |
||
| 942 |
_2ddc _cBK |
||
| 999 |
_c355945 _d355945 |
||